Sửa chữa - Bảo trì động cơ Diesel

Nội dung tài liệu giới thiệu tổng quát về động cơ Diesel. Hướng dẫn thực hiện quy trình tháo, lắp, bảo dưỡng, chẩn đoán, sửa chữa và điều chỉnh các bộ phận của động cơ, các hệ thống động cơ Diesel, hệ thống phun nhiên liệu, các he...

Full beskrivning

Sparad:
Bibliografiska uppgifter
Huvudupphovsman: Đỗ Dũng
Övriga upphovsmän: Trần Thế San
Materialtyp: Bok
Språk:Vietnamese
Publicerad: H. Khoa học và Kỹ thuật 2010
Ämnen:
Taggar: Lägg till en tagg
Inga taggar, Lägg till första taggen!
Thư viện lưu trữ: Thư viện Trường Đại học Nam Cần Thơ
LEADER 01616aam a22002418a 4500
001 NCT_6298
008 101019s2010 ||||||viesd
999 |c 322  |d 322 
020 |c 90000 
082 0 4 |2 23rd ed.  |a 621.43  |b D513 
100 1 |a Đỗ Dũng 
245 1 0 |a Sửa chữa - Bảo trì động cơ Diesel  |c Đỗ Dũng, Trần Thế San 
260 |a H.  |b Khoa học và Kỹ thuật  |c 2010 
300 |a 480tr.  |b minh hoạ  |c 27cm 
520 3 |a Nội dung tài liệu giới thiệu tổng quát về động cơ Diesel. Hướng dẫn thực hiện quy trình tháo, lắp, bảo dưỡng, chẩn đoán, sửa chữa và điều chỉnh các bộ phận của động cơ, các hệ thống động cơ Diesel, hệ thống phun nhiên liệu, các hệ thống điện và quá trình tinh chỉnh cuối cùng 
653 |a Sữa chữa- bảo trì 
655 |a Công nghệ Kỹ thuật ô tô 
700 1 |a Trần Thế San 
942 |2 ddc  |c BK 
952 |0 0  |1 0  |2 ddc  |4 0  |6 621_430000000000000_D513  |7 0  |9 2034  |a 000001  |b 000001  |d 2017-10-25  |o 621.43 D513  |p MD.01783  |r 2017-10-25  |v 120000.00  |w 2017-10-25  |y BK 
952 |0 0  |1 0  |2 ddc  |4 0  |6 621_430000000000000_D513  |7 0  |9 2035  |a 000001  |b 000001  |d 2017-10-25  |l 2  |o 621.43 D513  |p MD.01784  |r 2019-10-08  |s 2019-09-19  |v 120000.00  |w 2017-10-25  |y BK 
952 |0 0  |1 0  |2 ddc  |4 0  |6 621_430000000000000_D513  |7 0  |9 2036  |a 000001  |b 000001  |d 2017-10-25  |l 2  |o 621.43 D513  |p MD.01786  |r 2019-10-03  |s 2019-10-03  |v 120000.00  |w 2017-10-25  |y BK 
980 |a Thư viện Trường Đại học Nam Cần Thơ